Statistics for Things that are South Quiz

Click here to take the quiz!

General Stats

  • This quiz has been taken 34 times
  • The average score is 8 of 15

Answer Stats

ClueAnswer% Correct
A sparsely populated midwestern U.S. state, with a state capital called PierreSouth Dakota
90%
Cartoon with characters Kenny, Kyle, Cartman and StanSouth Park
86%
One of the two points where Earth's axis of rotation intersects its surfaceSouth Pole
86%
Commonly known as SoBe in MiamiSouth Beach
81%
2019 Rugby World Cup winnersSouth Africa
76%
American whiskey liqueur with fruit and spice accents.Southern Comfort
67%
The capital of this state is AdelaideSouthern Australia
62%
A stance in boxing where the boxer has their right hand and right foot forward, leading with right jabsSouthpaw
57%
Ed Sheeran and Camila Cabello hit song, to cross from USA into MexicoSouth of the Border
43%
A range of chalk hills that extends for about 260 square miles across a coast of EnglandSouth Downs
38%
UK energy company that merged with Scottish Hydro-Electric plcSouthern Electric
29%
Film, media, and music festival that take place in mid-March in Austin, TexasSouth by Southwest
24%
Longest pleasure pier in the worldSouthend Pier
10%
A 'Tales of the Unexpected' short story by Roald DahlMan from the South
5%
A big cat found in Colombia, Venezuela and other countries across the continent (also the name for a older woman that seduces a younger man)South American cougar
5%

Score Distribution

Percentile by Number Answered

Percent of People with Each Score

Your Score History

You have not taken this quiz